| 000 | 00671cam a22002174a 4500 | ||
|---|---|---|---|
| 001 | 13736459 | ||
| 005 | 20250228174609.0 | ||
| 008 | 040930s2005 enka b 001 0 eng | ||
| 020 | _a0273685422 (pbk.) | ||
| 050 | 0 | 0 |
_aHD38.5 _b.H367 2005 |
| 082 | 0 | 0 |
_a658.5 _222 |
| 100 | 1 |
_aHarrison, Alan, _d1944- |
|
| 245 | 1 | 0 |
_aLogistics management and strategy / _cAlan Harrison, Remko van Hoek. |
| 250 | _a2nd ed. | ||
| 260 |
_aHarlow, England ; _aNew York : _bPrentice Hall/Financial Times, _c2005. |
||
| 300 |
_axx, 308 p. : _bcol. ill. ; _c25 cm. |
||
| 650 | 0 | _aBusiness logistics. | |
| 650 | 0 | _aIndustrial management. | |
| 700 | 1 | _aHoek, Remko I. van. | |
| 942 |
_2lcc _cBK _n0 |
||
| 999 |
_c4445 _d4445 |
||